|
|
|
|
| LEADER |
00881nam a22002297a 4500 |
| 001 |
38084 |
| 003 |
BD-DhAAL |
| 008 |
220313t2007 bg ||||| b||| 00| 0 eng d |
| 999 |
|
|
|c 43755
|d 43755
|
| 020 |
|
|
|a 984322812X
|
| 040 |
|
|
|a BD-DhAAL
|
| 082 |
|
|
|a 811.52
|2 21
|
| 100 |
|
|
|a Sen, S.
|9 46853
|
| 245 |
|
|
|a W.H. Auden :
|b a critical evaluation /
|c S. Sen
|
| 260 |
|
|
|a Dhaka :
|b Friend's Book Corner,
|c 2007.
|
| 300 |
|
|
|a xiii, 358 pages ;
|c 22 cm.
|
| 504 |
|
|
|a Includes bibliographical references.
|
| 541 |
|
|
|a Donated By Akbar Ali Khan
|e 38084
|
| 600 |
|
|
|a Auden, W. H.
|q (Wystan Hugh),
|d 1907-1973
|x Criticism and interpretation.
|9 46854
|
| 852 |
|
|
|a Ayesha Abed Library
|c Akbar Ali Khan Collection
|
| 942 |
|
|
|2 ddc
|c BK
|
| 952 |
|
|
|0 0
|1 0
|2 ddc
|4 0
|6 811_520000000000000_SEN
|7 1
|9 70109
|a BRACUL
|b BRACUL
|c AAKC
|d 2022-03-13
|e Donated by Akbar Ali Khan
|l 0
|o 811.52 SEN
|p 3010038084
|r 2022-03-13
|t 1
|w 2022-03-13
|y BK
|